[Event "XVII Coppa Europa a squadre ICSC"]
[Site "Piestany SVK"]
[Date "2005.06.22"]
[Round "1.3"]
[White "Pasquotto, Mirko"]
[Black "Raibl, Zoltan"]
[Result "1/2-1/2"]
[WhiteElo "1814"]
[BlackElo "2042"]
[PlyCount "66"]
[EventDate "2005.06.22"]

1.e4 c5 2.Nf3 e6 3.d4 cxd4 4.Nxd4 Nf6 5.Nc3 d6 6.Bc4 Be7 7.Bb3 Bd7 8.O-O 
Nc6 9.Be3 O-O 10.f4 Nxd4 11.Bxd4 Bc6 12.Qe2 Qa5 13.a3 e5 14.fxe5 dxe5 15.
Bf2 Bc5 16.Bxc5 Qxc5+ 17.Kh1 Rad8 18.Rad1 Rd4 19.Rxd4 exd4 20.Rf5 Qe7 21.
Nd5 Nxd5 22.Bxd5 g6 23.Rf2 Qe5 24.Qc4 Bxd5 25.exd5 Qe1+ 26.Rf1 Qe5 27.Rd1 
Re8 28.g3 d3 29.Qxd3 Qxb2 30.d6 Qe5 31.c4 b6 32.Qf3 Rd8 33.Qc6 Qe2 1/2-1/2

[Event "XVII Coppa Europa a squadre ICSC"]
[Site "Piestany SVK"]
[Date "2005.06.22"]
[Round "2.1"]
[White "Georgiev, Veselin"]
[Black "Cehic, Goran"]
[Result "1-0"]
[WhiteElo "2316"]
[BlackElo "2145"]
[PlyCount "83"]
[EventDate "2005.06.22"]

1.e4 e6 2.d3 d5 3.Nd2 c5 4.Ngf3 Nc6 5.g3 Nf6 6.Bg2 Be7 7.O-O O-O 8.Re1 b5 
9.e5 Nd7 10.Nf1 a5 11.h4 a4 12.a3 b4 13.Bf4 Ra6 14.N1h2 f5 15.exf6 Nxf6 
16.Bh3 bxa3 17.bxa3 Nd4 18.Nxd4 cxd4 19.Nf3 Bc5 20.Ng5 Re8 21.Re2 Qe7 22.
Bc1 e5 23.Bxc8 Rxc8 24.Nf3 Re6 25.Qe1 Re8 26.Bb2 Qc7 27.Bxd4 e4 28.Bxc5 
Qxc5 29.Ng5 R6e7 30.Qb4 Qa7 31.dxe4 h6 32.Nh3 Nxe4 33.Kg2 Rb7 34.Qe1 Rf8 
35.Rd1 Qc5 36.Nf4 Qxa3 37.c4 g5 38.hxg5 hxg5 39.Rxd5 gxf4 40.Rxe4 Rg7 41.
Re8 fxg3 42.Qe6+ 1-0

[Event "X Memorial Bertolini"]
[Site "Genova ITA"]
[Date "2005.06.25"]
[Round "2"]
[White "Astengo, Marcello"]
[Black "Costi, Giorgio"]
[Result "1-0"]
[WhiteElo "2120"]
[BlackElo "1679"]
[PlyCount "97"]
[EventDate "2005.06.24"]

1. d4 Nf6 2. c4 g6 3. Nc3 Bg7 4. e4 d6 5. f3 O-O 6. Be3 Nc6 7. Nge2 Nd7 8. Qd2
e5 9. dxe5 Ndxe5 10. Nf4 Na5 11. b3 Nac6 12. Be2 Kh8 13. O-O-O a5 14. a4 Nd7
15. Nfd5 Nc5 16. Qc2 f5 17. Nb5 Rf7 18. h4 fxe4 19. Bg5 Qf8 20. Ndxc7 Nb4 21.
Nxa8 Nxc2 22. Kxc2 Nd3 23. fxe4 Nb4+ 24. Kb1 Be5 25. Nac7 Rf2 26. Rhf1 Bg4 27.
Be3 Bxe2 28. Rxf2 Qxf2 29. Bxf2 Bxd1 30. Nd4 Nd3 31. Bg1 Nc5 32. Ka2 Bg3 33.
Ncb5 Nxe4 34. Nf3 h6 35. Bb6 Nc5 36. Nbd4 Bf2 37. Bxa5 g5 38. hxg5 hxg5 39. Bc3
g4 40. Nd2 Nxa4 41. bxa4 Bxa4 42. Nb5+ Kg8 43. Nxd6 Bb6 44. N2e4 Bc5 45. Nxc5
Bc6 46. Nce4 Kf8 47. g3 Bxe4 48. Nxe4 Ke8 49. Nf6+ 1-0

[Event "X Memorial Bertolini"]
[Site "Genova ITA"]
[Date "2005.06.26"]
[Round "4"]
[White "Brun, Dario"]
[Black "Fossati, Remigio"]
[Result "0-1"]
[WhiteElo "1865"]
[BlackElo "2133"]
[PlyCount "126"]
[EventDate "2005.06.24"]

1. d4 d5 2. c4 Nc6 3. Nc3 Nf6 4. cxd5 Nxd5 5. e4 Nxc3 6. bxc3 e5 7. d5 Nb8 8.
Be3 Bd6 9. Be2 O-O 10. Bg4 Nd7 11. Ne2 Nc5 12. Bxc8 Rxc8 13. Ng3 Qh4 14. Bxc5
Bxc5 15. Rb1 f5 16. exf5 Rxf5 17. O-O Rf4 18. Qh5 Qf6 19. Rb2 e4 20. Qh3 Qf8
21. Re2 Re8 22. Nh5 Rf5 23. Ng3 Rf4 24. Nh5 Rf5 25. Ng3 Rfe5 26. c4 Qf7 27. Qg4
h5 28. Qh4 Be7 29. Qh3 Qg6 30. Rfe1 Bb4 31. Rd1 Bc5 32. Nf1 Qf6 33. Qb3 Qb6 34.
Qxb6 axb6 35. Ne3 Ra8 36. Rdd2 Ra4 37. Rc2 Kf7 38. Kf1 Ke7 39. Ke1 Kd6 40. Kd2
Bd4 41. c5+ bxc5 42. Nc4+ Kxd5 43. Nxe5 Bxe5 44. g3 b5 45. Re3 c6 46. f3 Rd4+
47. Ke2 c4 48. fxe4+ Rxe4 49. Rxe4 Kxe4 50. a4 c3 51. a5 b4 52. a6 Bd4 53. Rc1
Bb6 54. Ra1 b3 55. Re1 Kd5 56. Kd3 c2 57. Ra1 c5 58. Kc3 c4 59. Rf1 Bd4+ 60.
Kd2 Be3+ 61. Kc3 Kc6 62. Kb2 Kb6 63. a7 Kxa7 0-1

[Event "X Memorial Bertolini"]
[Site "Genova ITA"]
[Date "2005.06.26"]
[Round "4"]
[White "Christen, Peter Walter"]
[Black "Costi, Giorgio"]
[Result "1-0"]
[WhiteElo "2229"]
[BlackElo "1679"]
[PlyCount "85"]
[EventDate "2005.06.24"]

1. e4 e6 2. d4 d5 3. Nc3 Nf6 4. Bg5 Be7 5. Bd3 c5 6. Bxf6 Bxf6 7. Bb5+ Bd7 8.
e5 Be7 9. Bxd7+ Nxd7 10. Nf3 Qc7 11. O-O Rc8 12. Re1 a6 13. Ne2 O-O 14. c3 f6
15. exf6 Rxf6 16. dxc5 Bxc5 17. Ng3 Qb6 18. Qc2 Rcf8 19. Re2 e5 20. b4 Bd6 21.
Rae1 e4 22. Nd4 Rc8 23. a3 Be5 24. Ngf5 Kf8 25. Qd2 Qc7 26. Qg5 Nb6 27. Qxf6+
Bxf6 28. Ne6+ Kg8 29. Nxc7 Rxc7 30. Rc2 g6 31. Nh6+ Kf8 32. Ng4 Bg7 33. f3 e3
34. Nxe3 Re7 35. Kf2 d4 36. Nd1 d3 37. Rd2 Rd7 38. f4 Nc4 39. Ra2 b5 40. Re6
Ra7 41. g4 Kf7 42. f5 gxf5 43. h4 1-0

[Event "X Memorial Bertolini"]
[Site "Genova ITA"]
[Date "2005.06.26"]
[Round "4"]
[White "Durante, Corrado"]
[Black "Saffioti, Cristian"]
[Result "0-1"]
[WhiteElo "1577"]
[BlackElo "1488"]
[PlyCount "151"]
[EventDate "2005.06.24"]

1. e4 c6 2. d4 d5 3. Nc3 dxe4 4. Nxe4 Bf5 5. Ng3 Bg6 6. h4 h6 7. Nf3 e6 8. h5
Bh7 9. Bd3 Bxd3 10. Qxd3 Nd7 11. Bd2 Ngf6 12. O-O-O Be7 13. c4 Qc7 14. Bc3
O-O-O 15. Ne4 Qf4+ 16. Ned2 Nc5 17. Qe2 Nce4 18. g3 Nxc3 19. bxc3 Ba3+ 20. Kc2
Qf5+ 21. Qd3 Qxd3+ 22. Kxd3 Ng4 23. Ke2 Rhe8 24. Rh4 f5 25. c5 Bb2 26. Nc4 Bxc3
27. Nd6+ Rxd6 28. cxd6 Kd7 29. Rxg4 fxg4 30. Ne5+ Kxd6 31. Nxg4 Kc7 32. Rd3 Bb4
33. Ne5 Be7 34. f4 Rd8 35. g4 b6 36. Nf3 Rf8 37. Ke3 c5 38. Ke4 Bd6 39. Ne5 c4
40. Rc3 b5 41. a4 a6 42. axb5 axb5 43. Rc1 Bxe5 44. Kxe5 Rf6 45. f5 exf5 46.
gxf5 Rf8 47. Rg1 Rf7 48. Ke6 Rd7 49. d5 c3 50. Rb1 Rd6+ 51. Ke5 Rb6 52. Rg1 b4
53. Rxg7+ Kd8 54. Rg8+ Ke7 55. Rg7+ Kf8 56. Rc7 b3 57. Rxc3 b2 58. Rc8+ Ke7 59.
d6+ Kd7 60. Rc7+ Kd8 61. Ke6 b1=Q 62. Rd7+ Kc8 63. Rc7+ Kb8 64. f6 Qe4+ 65. Kd7
Rxd6+ 66. Kxd6 Qf4+ 67. Ke6 Kxc7 68. f7 Qd6+ 69. Kf5 Qf8 70. Kg6 Kd7 71. Kf6
Kd6 72. Kg6 Ke7 73. Kh7 Qxf7+ 74. Kxh6 Qf6+ 75. Kh7 Qg5 76. h6 0-1

[Event "X Memorial Bertolini"]
[Site "Genova ITA"]
[Date "2005.06.26"]
[Round "4"]
[White "Jovanovic, Goran"]
[Black "D'Ambrosio, Francesco"]
[Result "1/2-1/2"]
[WhiteElo "2096"]
[BlackElo "1443"]
[PlyCount "58"]
[EventDate "2005.06.24"]

1. c4 c5 2. Nf3 Nc6 3. Nc3 e6 4. e3 Nf6 5. d4 cxd4 6. exd4 Bb4 7. Bd3 Bxc3+ 8.
bxc3 O-O 9. O-O Ne7 10. Qc2 Nf5 11. Ng5 d6 12. Re1 h6 13. Ne4 Nxe4 14. Bxe4 Qf6
15. Rb1 Rb8 16. Bf4 e5 17. dxe5 dxe5 18. Be3 b6 19. a4 Be6 20. c5 g6 21. cxb6
axb6 22. Rxb6 Rxb6 23. Bxb6 Bd7 24. Rb1 Bc6 25. Bc5 Rc8 26. Rb6 Bxe4 27. Qxe4
Qd8 28. Rd6 Nxd6 29. Qxe5 Nf5 1/2-1/2

[Event "X Memorial Bertolini"]
[Site "Genova ITA"]
[Date "2005.06.26"]
[Round "5"]
[White "Coriani, Luigi"]
[Black "Brun, Dario"]
[Result "1/2-1/2"]
[WhiteElo "1600"]
[BlackElo "1865"]
[PlyCount "23"]
[EventDate "2005.06.24"]

1. d4 d5 2. c4 c6 3. Nc3 dxc4 4. e4 b5 5. a4 b4 6. Na2 Nf6 7. Bxc4 e5 8. Qb3
Qe7 9. Nf3 exd4 10. O-O Be6 11. Nxd4 Bxc4 12. Qxc4 1/2-1/2

[Event "X Memorial Bertolini"]
[Site "Genova ITA"]
[Date "2005.06.26"]
[Round "5"]
[White "Fossati, Remigio"]
[Black "Astengo, Marcello"]
[Result "1-0"]
[WhiteElo "2133"]
[BlackElo "2120"]
[PlyCount "87"]
[EventDate "2005.06.24"]

1. e4 e6 2. d4 d5 3. Nc3 Nf6 4. Bg5 Bb4 5. e5 h6 6. Bd2 Bxc3 7. bxc3 Ne4 8. Qg4
Kf8 9. Nf3 c5 10. h4 Nc6 11. Qf4 Qb6 12. Bd3 Qb2 13. Rc1 Nxc3 14. O-O c4 15.
Bxc3 Qxc3 16. Be2 Bd7 17. g4 Ke7 18. h5 Raf8 19. g5 Ke8 20. Rfd1 hxg5 21. Qxg5
f6 22. Qg3 Kd8 23. Qg4 Kc8 24. Nh4 Rf7 25. Ng6 Re8 26. Qf4 Nb4 27. a3 Nxc2 28.
Kh2 Ba4 29. h6 gxh6 30. exf6 Qa5 31. Ne5 Qc7 32. Bh5 Ref8 33. Bxf7 Rxf7 34. Rg1
b6 35. Rg8+ Kb7 36. Rcg1 Ka6 37. R1g7 Be8 38. Rxf7 Bxf7 39. Rg7 Nxa3 40. Rxf7
Qd6 41. Re7 c3 42. Nd3 Qxf4+ 43. Nxf4 c2 44. Ne2 1-0

[Event "X Memorial Bertolini"]
[Site "Genova ITA"]
[Date "2005.06.26"]
[Round "5"]
[White "Mercandelli, Claudio"]
[Black "Cirabisi, Federico"]
[Result "0-1"]
[WhiteElo "2105"]
[BlackElo "2109"]
[PlyCount "64"]
[EventDate "2005.06.24"]

1. c4 f5 2. g3 Nf6 3. Bg2 e6 4. Nc3 d5 5. d3 d4 6. Nb5 c6 7. Na3 Be7 8. Nf3 e5
9. Nc2 Qc7 10. O-O c5 11. b4 Nc6 12. bxc5 Bxc5 13. e3 dxe3 14. fxe3 O-O 15. d4
Rd8 16. Kh1 e4 17. Nd2 Bd6 18. Ba3 Ng4 19. Bxd6 Rxd6 20. Bh3 Rg6 21. Bxg4 Rxg4
22. Qe2 h5 23. Rf4 Bd7 24. Rg1 Rf8 25. h3 Rg6 26. Qf2 Rgf6 27. h4 Ne7 28. Qe2
b5 29. Nb4 bxc4 30. Qxc4+ Qxc4 31. Nxc4 Rb8 32. Na6 Rxa6 0-1

[Event "V C.to Europeo seniores"]
[Site "Bad Homburg GER"]
[Date "2005.06.25"]
[Round "1"]
[White "Jakobsen, Ole"]
[Black "Profaizer, Gino"]
[Result "1/2-1/2"]
[WhiteElo "2387"]
[BlackElo "2017"]
[PlyCount "70"]
[EventDate "2005.06.25"]

1. d4 d5 2. Nf3 Nf6 3. c4 e6 4. Nc3 Be7 5. Bg5 h6 6. Bh4 O-O 7. e3 b6 8. Bd3
dxc4 9. Bxc4 Bb7 10. O-O Nbd7 11. Qe2 Ne4 12. Bg3 Nxg3 13. hxg3 a6 14. Rfd1 b5
15. Bd3 c5 16. dxc5 b4 17. Ne4 Qa5 18. Nfd2 Nxc5 19. Nc4 Qc7 20. Nxc5 Qxc5 21.
Rac1 Rac8 22. Qf1 Qa7 23. Na5 Rxc1 24. Rxc1 Bd5 25. Nc6 Bxc6 26. Rxc6 a5 27.
Qc1 Bf6 28. Qc2 Rd8 29. Rc8 Qd7 30. Rxd8+ Qxd8 31. b3 g6 32. Qc4 Kg7 33. Qb5
Qc7 34. Bc4 Qe5 35. Qxe5 Bxe5 1/2-1/2

[Event "V C.to Europeo seniores"]
[Site "Bad Homburg GER"]
[Date "2005.06.26"]
[Round "2"]
[White "Gruzmann, Boris"]
[Black "Fainstein, Vladimir"]
[Result "1-0"]
[WhiteElo "2280"]
[BlackElo "2069"]
[PlyCount "53"]
[EventDate "2005.06.25"]

1. e4 e6 2. d4 d5 3. Nd2 Nf6 4. e5 Nfd7 5. f4 c5 6. c3 Nc6 7. Ndf3 Be7 8. Bd3
f5 9. Ne2 b6 10. O-O a5 11. Kh1 O-O 12. Rg1 g6 13. g4 Kh8 14. Qf1 Rg8 15. Be3
Nf8 16. Bf2 Ra7 17. Qh3 Rg7 18. Rg2 Qe8 19. Rag1 c4 20. Bc2 Bd8 21. Bh4 b5 22.
Bf6 Bxf6 23. exf6 Rgf7 24. gxf5 exf5 25. Qh4 Qd8 26. Ne5 Qxf6 27. Nxg6+ 1-0

[Event "V C.to Europeo seniores"]
[Site "Bad Homburg GER"]
[Date "2005.06.26"]
[Round "2"]
[White "Rosino, Antonio"]
[Black "Schueler, Wolfgang"]
[Result "1-0"]
[WhiteElo "2285"]
[BlackElo "2072"]
[PlyCount "35"]
[EventDate "2005.06.25"]

1. e4 e5 2. Nf3 Nc6 3. Bb5 a6 4. Ba4 Nf6 5. O-O b5 6. Bb3 Bc5 7. Nxe5 Nxe5 8.
d4 Bxd4 9. Qxd4 Nc6 10. Qd3 O-O 11. Bg5 h6 12. Bh4 Qe7 13. Nc3 g5 14. Bg3 d6
15. f4 Bb7 16. Rae1 Qd8 17. fxg5 hxg5 18. e5 1-0

[Event "V C.to Europeo seniores"]
[Site "Bad Homburg GER"]
[Date "2005.06.27"]
[Round "3"]
[White "Tseitlin, Mark D."]
[Black "Rosino, Antonio"]
[Result "1-0"]
[WhiteElo "2458"]
[BlackElo "2285"]
[PlyCount "81"]
[EventDate "2005.06.25"]

1. e4 e5 2. Nf3 Nc6 3. Bb5 a6 4. Ba4 Nf6 5. O-O Be7 6. Bxc6 dxc6 7. d3 Nd7 8.
Nbd2 c5 9. Nc4 Bd6 10. a4 O-O 11. a5 Re8 12. Nfd2 Qh4 13. f4 exf4 14. Nxd6 cxd6
15. Nc4 Re6 16. Bxf4 Qe7 17. Qh5 Ne5 18. Nxd6 Qxd6 19. Bxe5 Qe7 20. Bg3 Rg6 21.
b3 Be6 22. Qe5 Rc8 23. Rf4 Rg5 24. Qc3 Qd7 25. Rf2 Qd4 26. Qxd4 cxd4 27. e5 Rf5
28. Re2 h6 29. Bf2 Rf4 30. g3 Rg4 31. Ra4 Rd8 32. h3 Rg5 33. Kg2 Bd5+ 34. Kh2
Bf3 35. Re1 Rc8 36. Rc4 Re8 37. Bxd4 f6 38. Rc5 fxe5 39. Rexe5 Rgxe5 40. Bxe5
Bd1 41. d4 1-0

[Event "V C.to Europeo seniores"]
[Site "Bad Homburg GER"]
[Date "2005.06.28"]
[Round "4"]
[White "Profaizer, Gino"]
[Black "Klundt, Klaus"]
[Result "0-1"]
[WhiteElo "2017"]
[BlackElo "2392"]
[PlyCount "108"]
[EventDate "2005.06.25"]

1. d4 Nf6 2. c4 g6 3. Nc3 Bg7 4. e4 O-O 5. Bg5 d6 6. Qd2 c5 7. d5 e6 8. h3 exd5
9. cxd5 Re8 10. Bd3 c4 11. Bc2 b5 12. a3 Nbd7 13. Nf3 Nc5 14. O-O Qb6 15. Rfe1
Bb7 16. Be3 Nfd7 17. Bd4 a6 18. Bxg7 Kxg7 19. Rad1 Re7 20. Qd4+ f6 21. Re3 Ne5
22. g4 Ncd7 23. Qxb6 Nxf3+ 24. Rxf3 Nxb6 25. Re3 Nd7 26. Ne2 Nc5 27. Kg2 Rae8
28. Ng3 Bc8 29. Kf3 Rb7 30. Rc3 Bd7 31. h4 Rbb8 32. Rh1 Bc8 33. Kf4 Rb7 34. f3
Ree7 35. Ke3 Bd7 36. Kd4 Re8 37. g5 Bc8 38. gxf6+ Kxf6 39. f4 Rf7 40. h5 Ke7
41. f5 gxf5 42. exf5 Rg8 43. Re3+ Kf6 44. Rh4 Re7 45. Rxe7 Kxe7 46. f6+ Kxf6
47. Ne4+ Nxe4 48. Bxe4 Kg5 49. Rh2 h6 50. Rf2 Bg4 51. Bg6 Bxh5 52. Bxh5 Kxh5
53. Rf6 Rg6 54. Re6 Kg5 0-1

[Event "V C.to Europeo seniores"]
[Site "Bad Homburg GER"]
[Date "2005.06.28"]
[Round "4"]
[White "Rosino, Antonio"]
[Black "Beliaeva, Natalia"]
[Result "1/2-1/2"]
[WhiteElo "2285"]
[BlackElo "2108"]
[PlyCount "63"]
[EventDate "2005.06.25"]

1. e4 c5 2. Nf3 d6 3. d4 cxd4 4. Nxd4 Nf6 5. Nc3 g6 6. Be3 Bg7 7. Be2 O-O 8.
O-O Nc6 9. Qd2 Bd7 10. Nb3 a6 11. a4 Be6 12. Nd4 Nxd4 13. Bxd4 Rc8 14. a5 Bc4
15. f3 Bxe2 16. Qxe2 Nd7 17. Bxg7 Kxg7 18. Rfd1 Rc5 19. Nd5 Rxa5 20. Rxa5 Qxa5
21. Nxe7 Qe5 22. Nd5 Qxb2 23. Ne3 Qb6 24. Kh1 Rc8 25. Qd2 h5 26. Qxd6 Qxe3 27.
Qxd7 Rxc2 28. Qxb7 Qe2 29. Rg1 a5 30. Qd5 Ra2 31. Qe5+ Kh7 32. Qd5 1/2-1/2

[Event "V C.to Europeo seniores"]
[Site "Bad Homburg GER"]
[Date "2005.06.28"]
[Round "4"]
[White "Zhelesny, Stanislav"]
[Black "Fainstein, Vladimir"]
[Result "1-0"]
[WhiteElo "2254"]
[BlackElo "2069"]
[PlyCount "89"]
[EventDate "2005.06.25"]

1. Nf3 d5 2. g3 c6 3. Bg2 Nf6 4. d4 e6 5. O-O Nbd7 6. Nbd2 Bd6 7. e4 dxe4 8.
Ng5 O-O 9. Ngxe4 Nxe4 10. Nxe4 Be7 11. c4 b6 12. Nc3 Bb7 13. d5 cxd5 14. cxd5
exd5 15. Nxd5 Nc5 16. Bf4 Bd6 17. b4 Bxf4 18. bxc5 Be5 19. Rb1 Bxd5 20. Bxd5
Rb8 21. c6 Qc7 22. a4 Rbd8 23. Qf3 g6 24. Rfd1 Kg7 25. Rd3 Rd6 26. Qe4 Rdd8 27.
a5 Rb8 28. axb6 Rxb6 29. Re1 Bf6 30. Rf3 Qd6 31. Rd1 Qe5 32. Qxe5 Bxe5 33. Ra3
a6 34. Re3 Kf6 35. Bf3 a5 36. Rd5 Bc7 37. Rd7 Rb1+ 38. Kg2 Bb6 39. Re2 a4 40.
Rc2 Rc8 41. Rc4 a3 42. Rf4+ Kg5 43. Rfxf7 Rh8 44. h4+ Kh6 45. g4 1-0

[Event "V C.to Europeo seniores"]
[Site "Bad Homburg GER"]
[Date "2005.06.29"]
[Round "5"]
[White "Pauner, Jean-Marie"]
[Black "Profaizer, Gino"]
[Result "0-1"]
[WhiteElo "1998"]
[BlackElo "2017"]
[PlyCount "40"]
[EventDate "2005.06.25"]

1. e4 c6 2. d4 d5 3. Nc3 dxe4 4. Nxe4 Bf5 5. Ng3 Bg6 6. Nf3 Nd7 7. Bd3 Bxd3 8.
Qxd3 Ngf6 9. Bd2 e6 10. O-O Be7 11. c4 O-O 12. Rad1 Qc7 13. h3 Rfd8 14. Qc2 c5
15. Bc3 Rac8 16. b3 b5 17. Bb2 cxd4 18. Rxd4 Bc5 19. Rh4 Qxg3 20. Rd1 Qg6 0-1

[Event "V C.to Europeo seniores"]
[Site "Bad Homburg GER"]
[Date "2005.06.29"]
[Round "5"]
[White "Serra Olives, Tomas"]
[Black "Rosino, Antonio"]
[Result "0-1"]
[WhiteElo "2139"]
[BlackElo "2285"]
[PlyCount "92"]
[EventDate "2005.06.25"]

1. e4 e5 2. Nf3 Nc6 3. Bb5 a6 4. Ba4 Nf6 5. O-O Be7 6. Re1 b5 7. Bb3 d6 8. c3
O-O 9. h3 Na5 10. Bc2 c5 11. d4 cxd4 12. cxd4 Qc7 13. Nbd2 Nc6 14. Nb3 a5 15.
Be3 a4 16. Nbd2 Nb4 17. Bb1 a3 18. Qb3 d5 19. Nxe5 dxe4 20. Nxe4 Be6 21. Qc3
Rfc8 22. Qd2 Nc2 23. Nxf6+ gxf6 24. Bh6 Nxe1 25. Qf4 Kh8 26. Qg3 Nf3+ 27. Qxf3
fxe5 28. Qh5 f5 29. Bxf5 Bxf5 30. Qxf5 Qd6 31. Be3 axb2 32. Rb1 Qg6 33. Qxg6
hxg6 34. Rxb2 exd4 35. Bxd4+ Kh7 36. Rxb5 Rxa2 37. Rb7 Re8 38. Bc5 Re2 39. Kf1
Re6 40. f4 Kg8 41. Bd4 Bf6 42. Bf2 Rd8 43. g4 Rd2 44. Bc5 Rc6 45. Rb5 Kf7 46.
Ba3 Ra6 0-1

[Event "V C.to Europeo seniores"]
[Site "Bad Homburg GER"]
[Date "2005.06.30"]
[Round "6"]
[White "Rosino, Antonio"]
[Black "Diehl, Klaus"]
[Result "1/2-1/2"]
[WhiteElo "2285"]
[BlackElo "2112"]
[PlyCount "50"]
[EventDate "2005.06.25"]

1. e4 c5 2. Nf3 d6 3. c3 Nf6 4. Bd3 g6 5. O-O Bg7 6. Re1 O-O 7. Bc2 Nc6 8. d4
cxd4 9. cxd4 Bg4 10. Be3 Nd7 11. Nc3 Bxf3 12. gxf3 Rc8 13. Ne2 Qa5 14. Bb3 Qh5
15. Nf4 Qh4 16. Ne6 fxe6 17. Bxe6+ Kh8 18. Bxd7 Rcd8 19. Bxc6 bxc6 20. Kh1 c5
21. Rg1 cxd4 22. Bg5 Qh3 23. Bxe7 Rxf3 24. Qf1 Qxf1 25. Raxf1 Rd7 1/2-1/2

[Event "V C.to Europeo seniores"]
[Site "Bad Homburg GER"]
[Date "2005.07.01"]
[Round "7"]
[White "Jugow, Alexander"]
[Black "Rosino, Antonio"]
[Result "0-1"]
[WhiteElo "2179"]
[BlackElo "2285"]
[PlyCount "84"]
[EventDate "2005.06.25"]

1. d4 Nf6 2. c4 g6 3. Nc3 d5 4. Nf3 Bg7 5. Qb3 dxc4 6. Qxc4 O-O 7. e4 a6 8. e5
b5 9. Qb3 Nfd7 10. Be3 c5 11. dxc5 Nxe5 12. Nxe5 Bxe5 13. Rd1 Qa5 14. Bd2 Be6
15. Nd5 Qd8 16. Bh6 Re8 17. Nf6+ Bxf6 18. Rxd8 Rxd8 19. Qa3 Nc6 20. Be3 b4 21.
Qa4 Bxb2 22. f3 Nd4 23. Kf2 Nf5 24. Be2 Nxe3 25. Kxe3 Bd4+ 26. Kf4 Bxc5 27. Rd1
Bd6+ 28. Ke3 Bd7 29. Qa5 Rdc8 30. Qd5 Be6 31. Qa5 Rc2 32. Rxd6 exd6 33. Qxb4
Re8 34. Bd3 Rxg2 35. Qxd6 Bf5+ 36. Be4 Bxe4 37. fxe4 Rxa2 38. Qc6 Ra3+ 39. Kf4
Re6 40. Qc8+ Kg7 41. h4 h6 42. e5 Ra5 0-1

[Event "V C.to Europeo seniores"]
[Site "Bad Homburg GER"]
[Date "2005.07.01"]
[Round "7"]
[White "Siegmund, Rainer"]
[Black "Profaizer, Gino"]
[Result "1-0"]
[WhiteElo "2149"]
[BlackElo "2017"]
[PlyCount "33"]
[EventDate "2005.06.25"]

1. d4 d5 2. c4 e6 3. Nc3 Nf6 4. cxd5 exd5 5. Bg5 Be7 6. e3 O-O 7. Qc2 Nbd7 8.
Bd3 h6 9. Bh4 c5 10. Nf3 b6 11. O-O Bb7 12. Rac1 Rc8 13. Bf5 Ne4 14. Bxe7 Qxe7
15. Ne5 Bc6 16. Nxc6 Rxc6 17. Nxd5 1-0

[Event "C.to Italiano U12"]
[Site "Cortina d'Ampezzo ITA"]
[Date "2005.07.03"]
[Round "1"]
[White "Castello, Luciano"]
[Black "Perrone, Davide"]
[Result "1/2-1/2"]
[WhiteElo "1425"]
[BlackElo "1491"]
[PlyCount "91"]
[EventDate "2005.07.03"]

1. e4 c5 2. Nf3 Nc6 3. d4 cxd4 4. Nxd4 Nf6 5. Nxc6 bxc6 6. e5 Qa5+ 7. Nc3 Qxe5+
8. Be2 e6 9. a3 Be7 10. O-O O-O 11. Re1 Bd6 12. g3 Bc7 13. Bf4 Qa5 14. b4 Qb6
15. Bxc7 Qxc7 16. Bf3 d5 17. h4 Rd8 18. g4 Ne4 19. Qd3 Qe7 20. Nxe4 dxe4 21.
Qxe4 Qxh4 22. Qxc6 Bd7 23. Qa6 Rac8 24. Rac1 Rc3 25. Bg2 Qxg4 26. Qa5 Rf8 27.
b5 Rc5 28. Qxa7 Rg5 29. Qb7 e5 30. c4 Re8 31. Re3 e4 32. Rg3 Qf4 33. Rf1 Be6
34. Rxg5 Qxg5 35. Qxe4 Rc8 36. Qe3 Qg6 37. Rc1 h5 38. c5 h4 39. Kf1 Qh5 40. Bh3
Bxh3+ 41. Qxh3 Rxc5 42. Rxc5 Qxc5 43. Qxh4 Qxb5+ 44. Kg2 Qb7+ 45. Kh2 Qc7+ 46.
Qg3 1/2-1/2

[Event "C.to Italiano U12"]
[Site "Cortina d'Ampezzo ITA"]
[Date "2005.07.03"]
[Round "1"]
[White "Lombardi, Davide"]
[Black "Cordoglio, Simone"]
[Result "1/2-1/2"]
[WhiteElo "1416"]
[BlackElo "1482"]
[PlyCount "96"]
[EventDate "2005.07.03"]

1. e4 c5 2. Nf3 Nc6 3. Bc4 Nf6 4. Nc3 d6 5. d3 g6 6. O-O Bg7 7. Be3 O-O 8. h3
Be6 9. Bxe6 fxe6 10. Qe2 b6 11. a3 d5 12. e5 Nd7 13. d4 cxd4 14. Nxd4 Nxd4 15.
Bxd4 Qc7 16. Rfe1 Rf5 17. g4 Rf4 18. Qe3 Bh6 19. Qg3 Rxd4 20. Nb5 Qc5 21. Nxd4
Qxd4 22. c3 Qf4 23. Qxf4 Bxf4 24. b3 Nxe5 25. c4 Nf3+ 26. Kg2 Nxe1+ 27. Rxe1
dxc4 28. bxc4 Kf7 29. Re4 Bd6 30. a4 Rc8 31. f4 Rc5 32. Kf3 Ra5 33. c5 bxc5 34.
h4 Ra6 35. h5 Rc6 36. Rc4 e5 37. fxe5 Bxe5 38. Ke4 Ke6 39. hxg6 hxg6 40. a5 a6
41. Kd3 Kd5 42. g5 e6 43. Rc2 c4+ 44. Ke3 Bd4+ 45. Kd2 Ke4 46. Ke2 c3 47. Kd1
Kd3 48. Rd2+ cxd2 1/2-1/2

[Event "C.to Italiano U12"]
[Site "Cortina d'Ampezzo ITA"]
[Date "2005.07.04"]
[Round "2"]
[White "Cordoglio, Simone"]
[Black "Castello, Luciano"]
[Result "1-0"]
[WhiteElo "1482"]
[BlackElo "1425"]
[PlyCount "119"]
[EventDate "2005.07.03"]

1. d4 d5 2. Nf3 Nf6 3. Bf4 Bf5 4. e3 c5 5. c3 Nc6 6. Nbd2 e6 7. Bb5 Bd6 8. Qa4
Bxf4 9. exf4 Qd6 10. Ne5 O-O 11. Bxc6 bxc6 12. Qxc6 Qxc6 13. Nxc6 Kh8 14. Nf3
Nd7 15. Rc1 cxd4 16. cxd4 Rac8 17. O-O a6 18. Ne7 Rxc1 19. Rxc1 h6 20. Nxf5
exf5 21. Ne5 Nf6 22. Rc7 Rb8 23. b3 a5 24. Nc6 Rb6 25. Nxa5 Ra6 26. Rc5 Ne4 27.
Rxd5 Nc3 28. Rxf5 Nxa2 29. Kf1 Rb6 30. Rxf7 Rd6 31. f5 Rxd4 32. f6 gxf6 33.
Rxf6 Rd5 34. Rxh6+ Kg7 35. Ra6 Nc3 36. f3 Rd1+ 37. Kf2 Rd2+ 38. Kg3 Ne2+ 39.
Kf2 Nd4+ 40. Ke3 Nxb3 41. Nxb3 Rxg2 42. h4 Rh2 43. Ra4 Rb2 44. Rg4+ Kh6 45. Nd4
Rh2 46. Nf5+ Kh7 47. Kf4 Rf2 48. h5 Ra2 49. h6 Ra4+ 50. Kg5 Rxg4+ 51. fxg4 Kg8
52. Kf6 Kh8 53. g5 Kh7 54. Nd4 Kg8 55. h7+ Kh8 56. Kf7 Kxh7 57. g6+ Kh6 58. g7
Kh5 59. g8=Q Kh4 60. Kf6 1-0

[Event "C.to Italiano U12"]
[Site "Cortina d'Ampezzo ITA"]
[Date "2005.07.04"]
[Round "2"]
[White "Lapenna, Davide"]
[Black "Costabloz, Giammarco"]
[Result "0-1"]
[WhiteElo "1398"]
[BlackElo "1529"]
[PlyCount "120"]
[EventDate "2005.07.03"]

1. e4 c5 2. Nc3 Nc6 3. Nf3 g6 4. Bc4 Bg7 5. Ng5 Ne5 6. d3 Nxc4 7. dxc4 h6 8.
Nf3 d6 9. Nd5 Be6 10. O-O Bxd5 11. cxd5 Qc7 12. c3 Nf6 13. Re1 Nd7 14. Bf4 O-O
15. Qd2 Kh7 16. Qc1 Nb6 17. b4 cxb4 18. cxb4 Qxc1 19. Raxc1 Rac8 20. Rxc8 Rxc8
21. e5 Nxd5 22. Rc1 Rxc1+ 23. Bxc1 dxe5 24. Bb2 Nxb4 25. a3 Nc6 26. Kf1 e4 27.
Bxg7 Kxg7 28. Nd2 f5 29. h3 Nd4 30. g4 Kf6 31. Kg2 h5 32. Kg3 Ne2+ 33. Kg2 hxg4
34. hxg4 Nc3 35. Kg3 b5 36. f3 exf3 37. Nxf3 Nb1 38. g5+ Kg7 39. Nd4 Nxa3 40.
Ne6+ Kf7 41. Nc5 b4 42. Kf4 Nc4 43. Kf3 Nd2+ 44. Ke3 Ne4 45. Nxe4 fxe4 46. Kxe4
Ke6 47. Kd4 Kf5 48. Kc4 Kxg5 49. Kxb4 Kf4 50. Kb5 g5 51. Ka6 g4 52. Kxa7 g3 53.
Kb7 g2 54. Kc7 g1=Q 55. Kd7 Qg6 56. Kxe7 Ke5 57. Kd7 Qd6+ 58. Ke8 Qc7 59. Kf8
Kf6 60. Kg8 Qg7# 0-1

[Event "C.to Italiano U12"]
[Site "Cortina d'Ampezzo ITA"]
[Date "2005.07.04"]
[Round "2"]
[White "Perrone, Davide"]
[Black "Giorgiutti, Jacopo"]
[Result "1-0"]
[WhiteElo "1491"]
[BlackElo "1428"]
[PlyCount "119"]
[EventDate "2005.07.03"]

1. e4 e5 2. Nf3 d5 3. exd5 e4 4. Qe2 Nf6 5. d3 Qxd5 6. dxe4 Qxe4 7. Qxe4+ Nxe4
8. Bf4 Bd6 9. Bxd6 Nxd6 10. Bd3 h6 11. O-O O-O 12. Nc3 Bg4 13. Ne5 Be6 14. Ne4
Re8 15. Nxd6 cxd6 16. Nc4 Bxc4 17. Bxc4 Nc6 18. Bb5 Rac8 19. Rad1 a6 20. Bxc6
Rxc6 21. c3 Re2 22. Rb1 d5 23. Rfe1 Rce6 24. Kf1 Rxe1+ 25. Rxe1 Rb6 26. b3 Rc6
27. Re3 d4 28. cxd4 Rc1+ 29. Re1 Rc2 30. Re2 Rc1+ 31. Re1 Rc2 32. Rd1 Kf8 33.
Ra1 Rd2 34. Ke1 Rxd4 35. Ke2 Ke7 36. Ke3 Rg4 37. Kf3 f5 38. Re1+ Kf6 39. Rd1 g5
40. Rd6+ Ke5 41. Rxh6 Re4 42. Rh8 Rd4 43. Re8+ Kf6 44. Rb8 Rf4+ 45. Ke3 Re4+
46. Kd3 Rb4 47. Rf8+ Ke5 48. Re8+ Kf4 49. Rf8 g4 50. g3+ Kf3 51. Rxf5+ Kg2 52.
Rf4 Rxf4 53. gxf4 Kxh2 54. Ke3 Kh3 55. f5 Kh4 56. f6 g3 57. fxg3+ Kxg3 58. f7
b5 59. f8=Q Kg4 60. Qf4+ 1-0